00472 2200181 4500001002100000005001500021035002000036007000300056008004100059020001800100082001000118084001600128100001800144245004600162260003200208300002200240650002800262INLIS00000000000142520260527015154 a0010-0526000002ta260527 0 ind  a9786025792427 a370.1 a370.1 FRE p0 aFreire, Paulo1 aPendidikan Kaum Tertindas /cPaulo Freire aYogyakarta :bNarasi,c2020 a220 ;c20x14,5 cm aFilsafat dan Pendidikan